Теория вероятностей и статистика (Запись № 67309)

Подробности
000 -МАРКЕР
контрольное поле 02162nam0a2200421 4500
001 - ИДЕНТИФИКАТОР ЗАПИСИ
контрольное поле RU\NLR\bibl\1222866
005 - ИДЕНТИФИКАТОР ВЕРСИИ
контрольное поле 20260405160123.0
010 ## - МЕЖДУНАРОДНЫЙ СТАНДАРТНЫЙ НОМЕР КНИГИ (ISBN)
Номер (ISBN) 978-5-94057-319-7
Тираж 10000
021 ## - НОМЕР ГОСУДАРСТВЕННОЙ РЕГИСТРАЦИИ
Код страны Российская Федерация
Номер 2008-18612
Номер Листа государственной регистраци 1018
021 ## - НОМЕР ГОСУДАРСТВЕННОЙ РЕГИСТРАЦИИ
Код страны Российская Федерация
Номер 2008-43681
Номер Листа государственной регистраци 2418
035 ## - ДРУГИЕ СИСТЕМНЫЕ НОМЕРА
Идентификатор записи RSL-KNO-002488758
035 ## - ДРУГИЕ СИСТЕМНЫЕ НОМЕРА
Идентификатор записи (NLR Aleph) 001209201
100 ## - ДАННЫЕ ОБЩЕЙ ОБРАБОТКИ
Данные общей обработки 20080506d2008 |||y0rusy50 ca
101 0# - ЯЗЫК РЕСУРСА
Язык текста, звукозаписи и т.д. русский
102 ## - СТРАНА ПУБЛИКАЦИИ ИЛИ ПРОИЗВОДСТВА
Страна публикации Российская Федерация
105 ## - ПОЛЕ КОДИРОВАННЫХ ДАННЫХ: ТЕКСТОВЫЕ МАТЕРИАЛЫ, МОНОГРАФИЧЕСКИЕ
Кодированные данные о монографическом текстовом документе a |||||||||
200 1# - ЗАГЛАВИЕ И СВЕДЕНИЯ ОБ ОТВЕТСТВЕННОСТИ
Основное заглавие Теория вероятностей и статистика
Сведения, относящиеся к заглавию учебное пособие
Первые сведения об ответственности Ю.Н. Тюрин, А.А. Макаров, И.Р. Высоцкий, И.В. Ященко
205 ## - СВЕДЕНИЯ ОБ ИЗДАНИИ
Сведения об издании 2-е изд., перераб.
210 ## - ПУБЛИКАЦИЯ, РАСПРОСТРАНЕНИЕ И ДР.
Место издания, распространения и т.д. Москва
Имя издателя, распространителя и т. д. Изд-во МЦНМО
-- Московские учебники
Дата издания, распространения и т.д. 2008
215 ## - ФИЗИЧЕСКАЯ ХАРАКТЕРИСТИКА
Специфическое обозначение материала и объем 255 с.
Другие сведения о физической характеристике ил., цв. ил.
Размеры 22
313 ## - ПРИМЕЧАНИЯ, ОТНОСЯЩИЕСЯ К ТЕМАТИЧЕСКОМУ ДОСТУПУ
Текст примечания По 1изд.
606 1# - НАИМЕНОВАНИЕ ТЕМЫ КАК ПРЕДМЕТ
Наименование темы Вероятностей теория
Формальный подзаголовок Учебные издания для средней школы
Системный номер авторитетной/нормативной записи 2081786
Идентификатор авторитетной/нормативной записи RU\NLR\auth\661257784
606 1# - НАИМЕНОВАНИЕ ТЕМЫ КАК ПРЕДМЕТ
Наименование темы Математическая статистика
Формальный подзаголовок Учебные издания для средней школы
Системный номер авторитетной/нормативной записи 936871
Идентификатор авторитетной/нормативной записи RU\NLR\auth\6627337
610 0# - НЕКОНТРОЛИРУЕМЫЕ ПРЕДМЕТНЫЕ ТЕРМИНЫ
Предметный термин Физико-математические науки -- Математика -- Теория вероятностей -- Учебник для средней общеобразовательной школы
686 ## - ИНДЕКСЫ ДРУГИХ КЛАССИФИКАЦИЙ
Индекс В171я721-1
Код системы
686 ## - ИНДЕКСЫ ДРУГИХ КЛАССИФИКАЦИЙ
Индекс В17я721-1
701 #1 - ИМЯ ЛИЦА - АЛЬТЕРНАТИВНАЯ ОТВЕТСТВЕННОСТЬ
Код отношения Автор
Материалы, к которым относится поле rus
Графика поля Кириллица
Начальный элемент ввода Тюрин
Часть имени, кроме начального элемента ввода Ю. Н.
Даты 1935-
Дополнения к именам, кроме дат д-р физ.-мат. наук
Расширение инициалов личного имени Юрий Николаевич
Идентификатор авторитетной/нормативной записи RU\NLR\auth\7717146
Системный номер авторитетной/нормативной записи 236
701 #1 - ИМЯ ЛИЦА - АЛЬТЕРНАТИВНАЯ ОТВЕТСТВЕННОСТЬ
Код отношения Автор
Материалы, к которым относится поле rus
Графика поля Кириллица
Начальный элемент ввода Макаров
Часть имени, кроме начального элемента ввода А. А.
Дополнения к именам, кроме дат канд. физ.-мат. наук
Расширение инициалов личного имени Алексей Алексеевич
Идентификатор авторитетной/нормативной записи RU\NLR\auth\7766822
Системный номер авторитетной/нормативной записи 49750
701 #1 - ИМЯ ЛИЦА - АЛЬТЕРНАТИВНАЯ ОТВЕТСТВЕННОСТЬ
Начальный элемент ввода Высоцкий
Часть имени, кроме начального элемента ввода И. Р.
Расширение инициалов личного имени Иван Ростиславович
Код отношения Автор
701 #1 - ИМЯ ЛИЦА - АЛЬТЕРНАТИВНАЯ ОТВЕТСТВЕННОСТЬ
Код отношения Автор
Графика поля Кириллица
Материалы, к которым относится поле rus
Начальный элемент ввода Ященко
Часть имени, кроме начального элемента ввода И. В.
Даты 1968-
Расширение инициалов личного имени Иван Валериевич
Системный номер авторитетной/нормативной записи 156865
Идентификатор авторитетной/нормативной записи RU\NLR\AUTH\770156905
801 #0 - ИСТОЧНИК ЗАПИСИ
Страна Российская Федерация
Организация RuMoRKP
Дата составления 20041021
Правила каталогизации rcr
801 #1 - ИСТОЧНИК ЗАПИСИ
Страна Российская Федерация
Организация RuMoRGB
Дата составления 20041021
801 #2 - ИСТОЧНИК ЗАПИСИ
Страна Российская Федерация
Организация NLR
Дата составления 20050331
Правила каталогизации PSBO
942 ## - ДОПОЛНИТЕЛЬНЫЕ ЭЛЕМЕНТЫ ЗАПИСИ (АБИС)
Тип экземпляра АБИС Книга
980 ## - КОЛЛЕКЦИЯ
Название коллекции Национальная библиография
Экземпляры
Тип экземпляра Дата поступления Источник поступления Библиотека постоянного хранения Библиотека текущего хранения Место хранения Шифр хранения Штрих-код Статус экземпляра
Книга 06.05.2008 Обязательный экземпляр РНБ (Московский) РНБ (Московский) Русский книжный фонд: издания с 1957 года 2008-5/3754 2665649  
Книга 06.05.2008 Обязательный экземпляр РНБ (Московский) РНБ (Московский) Русский книжный фонд: издания с 1957 года 2008-5/3754 2665651  
Книга 04.08.2008 Обязательный экземпляр РНБ (Московский) РНБ (Московский) Обменный фонд   2727266  
Книга 04.08.2008 Обязательный экземпляр РНБ (Московский) РНБ (Московский) Обменный фонд   2727267